Concelhos de Viseu - Statistics

Estatísticas Gerais
  • Esse quiz foi jogado 115 vezes
  • A pontuação média é 15 de 24
Estatísticas das Respostas
Hint Resposta % Correto
23. Viseu
97%
16. São Pedro do Sul
82%
21. Tondela
82%
5. Lamego
79%
14. Santa Comba Dão
77%
24. Vouzela
77%
17. Sátão
72%
6. Mangualde
69%
9. Nelas
69%
3. Castro Daire
67%
4. Cinfães
67%
13. Resende
64%
20. Tarouca
64%
11. Penalva do Castelo
56%
8. Mortágua
54%
15. São João da Pesqueira
54%
2. Carregal do Sal
51%
10. Oliveira de Frades
51%
18. Sernancelhe
51%
1. Armamar
49%
22. Vila Nova de Paiva
49%
19. Tabuaço
46%
7. Moimenta da Beira
44%
12. Penedono
38%
Nenhum quiz correspondente encontrado
Distribuição das Pontuações
Porcentagem de Pessoas com Cada Pontuação
Percentil de Números Respondidos
Sua Pontuação Histórica
Você não jogou esse quiz